Australian Number One Hits Of The 1960's - Statistics

General Stats
  • This quiz has been taken 25 times
  • The average score is 77 of 172
Answer Stats
Hint Answer % Correct
Ain't That Loving You Baby/Ask Me | Are You Lonesome Tonight?/I Gotta Know | Can't Help Falling In Love/Rock-A-Hula Baby | +9 others Elvis Presley
100%
Good Vibrations The Beach Boys
100%
A Hard Day's Night/Things We Said Today | All My Love EP | All You Need Is Love/Baby You're A Rich Man | +22 others The Beatles
100%
(I Can't Get No) Satisfaction | Honky Tonk Women | Paint It Black/Long Long While | Under The Boardwalk/Walking The Dog The Rolling Stones
100%
Blue Bayou/Mean Woman Blues | Crying/Candy Man | In Dreams | +3 others Roy Orbison
95%
Strangers In The Night Frank Sinatra
90%
These Boots Are Made For Walkin' Nancy Sinatra
90%
I'm A Believer/(I'm Not Your) Stepping Stone The Monkees
85%
Wild Thing The Troggs
85%
Don't Sleep In The Subway | Downtown | This Is My Song Petula Clark
80%
A Whiter Shade Of Pale Procol Harum
70%
Big Girls Don't Cry/Conny-O | Walk Like A Man The Four Seasons
70%
White Room/Those Were The Days Cream
60%
The Wanderer Dion
55%
Tie Me Kangaroo Down Sport Rolf Harris
55%
Little Town Flirt | Runaway | The Swiss Maid Del Shannon
50%
Surf City Jan And Dean
50%
Save The Last Dance For Me The Drifters
50%
Easyfever EP | Friday On My Mind | Sorry/Funny Feelin' The Easybeats
50%
Georgy Girl | I'll Never Find Another You | The Carnival Is Over The Seekers
50%
Mrs Brown You've Got A Lovely Daughter | No Milk Today Herman's Hermits
45%
It's My Party Lesley Gore
45%
Somethin' Stupid Nancy Sinatra & Frank Sinatra
45%
Travelin' Man/Hello Mary Lou Ricky Nelson
45%
My Guy Mary Wells
40%
I Can't Stop Loving You Ray Charles
40%
Green Green Grass Of Home | Help Yourself Tom Jones
40%
You'll Never Walk Alone Gerry & The Pacemakers
35%
This Guy's In Love With You Herb Alpert & The Tijuana Brass
35%
Hey Paula Paul And Paula
35%
Dream A Little Dream Of Me The Mamas & The Papas
35%
The Lonely Bull/Acapulco The Tijuana Brass & Herb Alpert
35%
I Started A Joke Bee Gees
30%
Everybody's Somebody's Fool Connie Francis
30%
Up Up And Away The 5th Dimension
30%
Roses Are Red (My Love) Bobby Vinton
25%
Hello Muddah, Hello Fadduh Allan Sherman
20%
Multiplication/Irresistable You Bobby Darin
20%
Honey Bobby Goldsboro
20%
Rubber Ball Bobby Vee
20%
I Will Follow Him Little Peggy March
20%
MacArthur Park Richard Harris
20%
The Last Waltz Engelbert Humperdinck
15%
I Remember You Frank Ifield
15%
Harper Valley PTA Jeannie C Riley
15%
My Old Man's A Dustman Lonnie Donegan & His Group
15%
Stranger On The Shore Mr Acker Bilk
15%
Ramblin' Rose Nat King Cole
15%
Where Do You Go To (My Lovely) Peter Sarstedt
15%
Part Three Into Paper Walls/The Girl That I Love | The Real Thing Russell Morris
15%
Have I The Right? The Honeycombs
15%
Lily The Pink The Scaffold
15%
Sheila Tommy Roe
15%
You're My World Cilla Black
10%
What Do You Want To Make Those Eyes At Me For? Emile Ford & The Checkmates
10%
Goodbye Cruel World James Darren
10%
Sugar Shack Jimmy Gilmer & The Fireballs
10%
He'll Have To Go Jim Reeves
10%
Sadie (The Cleaning Lady) John Farnham
10%
Midnight In Moscow Kenny Ball & His Jazzmen
10%
Sukiyaki Kyu Sakamoto
10%
Winchester Cathedral New Vaudeville Band
10%
Love Is Blue Paul Mauriat & His Orchestra
10%
Lady Godiva Peter And Gordon
10%
Pipeline The Chantays
10%
Walk Right In The Rooftop Singers
10%
It Must Be Him Vikki Carr
10%
A Scottish Soldier Andy Stewart
5%
Eloise Barry Ryan
5%
Wonderland By Night Bert Kaempfert & His Orchestra
5%
Joey's Song/ Ooh! Look-A-There Ain't She Pretty? Bill Haley & His Comets
5%
Swingin' School/Ding-A-Ling Bobby Rydell
5%
Wolverton Mountain Claude King
5%
I'm Gonna Knock On Your Door Eddie Hodges
5%
Judy Is Disguise John Fred & His Playboy Band
5%
Come On And Take My Hand/Don't You Know (Pretty Baby) | I'm Counting On You/Right Now | Move Baby Move/You'll Never Cherish A Love So True | She's My Baby Johnny O'Keefe
5%
I've Been Everywhere Lucky Starr
5%
Angel Of The Morning Merrilee Rush
5%
Ooh La La/Ain't Nobody Home | Que Sera Sera (Whatever Will Be Will Be)/Shakin' All Over Normie Rowe
5%
Let There Be Drums Sandy Nelson
5%
Bombora The Atlantics
5%
Hair The Cowsills
5%
Michael The Highwaymen
5%
The Orange And The Green/Whiskey On A Sunday | The Unicorn The Irish Rovers
5%
Snoopy Vs The Red Baron | Snoopy's Christmas The Royal Guardsmen
5%
Walk Don't Run The Ventures
5%
Tamoure Bill Justis
0%
I Told The Brook/Funny Face Billy Thorpe & The Aztecs
0%
Mama BJ Thomas
0%
Hitch Hiker Bobby & Laurie
0%
Mexico Bob Moore & His Orchestra
0%
My Boomerang Won't Come Back Charlie Drake
0%
Boom Boom Baby | One Last Kiss Crash Craddock
0%
No Trespassing/Not Responsible Helen Shapiro
0%
Just A Closer Walk With Thee Jimmie Rodgers
0%
Beatnik Fly Johnny & The Hurricanes
0%
The Wedding Julie Rogers
0%
Dance On! Kathy Kirby
0%
Dear One Larry Finnegan
0%
From A Jack To A King Ned Miller
0%
She's A Mod Ray Columbus & The Invaders
0%
55 Days At Peking Rob EG
0%
The Star Ross D Wyllie
0%
Clap Your Hands The Beau Marks
0%
The Boys The Shadows
0%
West Of The Wall Toni Fisher
0%
No matching quizzes found
Score Distribution
Percent of People with Each Score
Percentile by Number Answered
Your Score History
You have not taken this quiz